La croisade : une histoire partagee /
Résumé What is the Crusade? How can we take into account all the views that have been expressed for more than a thousand years on a phenomenon that still haunts international relations today? Abbès Zouache draws on a variety of sources—Latin, Arabic, Armenian and Greek—which he treats without any pr...
المؤلف الرئيسي:
التنسيق: كتاب
اللغة: French
منشور في:
Le Caire :
Institut français d'archéologie orientale ,
2025.
سلاسل:
Bibliotheque d'Etude ;
193.
BDE ;
193.
الموضوعات:
الوسوم: إضافة وسم
رقم الطلب: DT57 .C18 v.193
| LEADER | 01684nam a22002897a 4500 | ||
|---|---|---|---|
| 003 | OSt | ||
| 005 | 20260430083634.0 | ||
| 008 | 260324s2025 ua ab b 000 0 fre c | ||
| 020 | |a 9782724711097 | ||
| 040 | |c ARCE Library | ||
| 050 | 4 | |a DT57 .C18 v.193 | |
| 100 | 1 | |a Zouache, Abbes, |d 1969-, |e author | |
| 245 | 1 | 3 | |a La croisade : |b une histoire partagee / |c Abbes Zouache. |
| 264 | 1 | |a Le Caire : |b Institut français d'archéologie orientale , |c 2025. | |
| 300 | |a 427 pages : |b illustrations, maps ; |c 29 cm. | ||
| 490 | 0 | |a Bibliotheque d'Etude ; |v 193. | |
| 490 | 0 | |a BDE ; |v 193. | |
| 504 | |a Bibliography p. 349-427 | ||
| 520 | |a Résumé What is the Crusade? How can we take into account all the views that have been expressed for more than a thousand years on a phenomenon that still haunts international relations today? Abbès Zouache draws on a variety of sources—Latin, Arabic, Armenian and Greek—which he treats without any prior intention of ranking them, and increases the number of encounters between Arab and European or American historiographies, which are generally unaware of each other. This approach allows him to propose a new history of the Crusade, which he shows to be a unique memorial phenomenon that, from the time of Pope Urban II's Clermont Appeal, has been a vehicle for far-reaching ideological and political issues. | ||
| 546 | |a Includes Latin and Arabic primary sources, with French translations. | ||
| 650 | 0 | |a Church |x History |y Middle Ages, 600-1500. | |
| 650 | 0 | |a Crusades. | |
| 651 | 0 | |a Jerusalem |x History |y Latin Kingdom, 1099-1244. | |
| 651 | 0 | |a Syria |x History |y 750-1260. | |
| 901 | |a reviewed | ||
| 942 | |2 lcc |c BK | ||
| 999 | |c 61900 |d 61900 | ||
